Normal view MARC view
  • Freixas Flores, María del Rosario

Entry Nombre Personal

Number of records used in: 1

001 - NUMERO DE CONTROL

  • campo de control: 48642

003 - IDENTIFICADOR DE NUMERO DE CONTROL

  • campo de control: DLC

005 - FECHA Y HORA DE LA ÜLTIMA TRANSACCIÓN

  • campo de control: 20230417161723.0

008 - DATOS DE LONGITUD FIJA

  • campo de control de longitud fija: 170209n| azannaabn |a aaa c

010 ## - NÚMERO DE CONTROL DE LA BIBLIOTECA DEL CONGRESO

  • Número de control LC: no2017017318

035 ## - NUMERO DE CONTROL

  • Número de control: (OCoLC)oca10703549

040 ## - FUENTE DE CATALOGACIÓN

  • Agencia original de catalogación: NcD
  • Lenguaje de catalogación: spa
  • Description conventions: rda
  • Agencia de transcripción: NcD
  • Agencia que lo modifica: MX-MxUPN

100 1# - ENCABEZAMIENTO - NOMBRE PERSONAL

  • Nombre personal: Freixas Flores, María del Rosario

400 1# - VEÁSE - NOMBRE DE PERSONA

  • Personal name: Del Rosario Freixas Flores, María

670 ## - FUENTE EN LA QUE SE LOCALIZARON DATOS

  • Cita de la fuente: Educación : las paradojas de un sistema excluyente, 2015:
  • Información localizada: portada (María del Rosario Freixas Flores)

902 ## - CATALOGADOR

  • Catalogador: Víctor Ruiz/170423